| 000 | 00876nam a2200253 i 4500 | ||
|---|---|---|---|
| 001 | 66556 | ||
| 003 | ES-MaACL | ||
| 005 | 20250803014908.0 | ||
| 007 | t| | ||
| 008 | 941004s1993 sp |||| | spa d | ||
| 020 | _a84-604-8633-8 | ||
| 080 | _a330.82(063) | ||
| 111 | 2 |
_aJornadas de la Juventud ( _n9ª. _d1993. _cEl Escorial) _9806 |
|
| 245 | 1 | 0 |
_aIX Jornadas de la Juventud del Club Conservador _b: [El Escorial, 30 y 31 de octubre y 1 de noviembre de 1993]. |
| 260 |
_aMadrid : _bFundación Independiente, _c[1993] |
||
| 300 |
_a71 p. ; _c22 cm. |
||
| 490 | 1 |
_aCuadernos de sociedad ; _v3 |
|
| 650 | 1 | 4 |
_aLiberalismo económico- _vCongresos y asambleas. _914398 |
| 710 | 2 |
_aClub Conservador. _92854 |
|
| 710 | 2 |
_aFundación Independiente (Madrid) _94325 |
|
| 830 | 0 |
_aCuadernos de sociedad ; _v3 _9179224 |
|
| 852 |
_aES-MaACL _jL-27074 |
||
| 999 |
_c66556 _d66556 |
||